[Event "?"]
[Site "ICS rated blitz match, 192.23"]
[Date "1997.??.??"]
[Round "?"]
[White "Brause"]
[Black "Kiriakos"]
[Result "1-0"]
[WhiteElo "2510"]
[BlackElo "2055"]
[PlyCount "27"]

1. e4 e5 2. Nf3 Nc6 3. Nc3 Nf6 4. Nxe5 Nxe5 5. d4 Ng6 6. e5 Ng8 7. Bc4 Bb4 8.
Qf3 f6 9. O-O Bxc3 10. bxc3 c6 11. Re1 Kf8 12. Ba3+ N8e7 13. exf6 gxf6 14.
Qxf6+ 1-0

[Event "?"]
[Site "ICS rated blitz match, 192.23"]
[Date "1997.??.??"]
[Round "?"]
[White "Brause"]
[Black "Kiriakos"]
[Result "1-0"]
[WhiteElo "2510"]
[BlackElo "2055"]
[PlyCount "75"]

1. e4 e5 2. Nf3 Nc6 3. Nc3 Nf6 4. Nxe5 Nxe5 5. d4 Ng6 6. e5 Be7 7. exf6 Bxf6 8.
Be3 O-O 9. Bd3 d5 10. O-O Be6 11. Re1 c6 12. b3 Qd7 13. Na4 b6 14. Nc3 Bf5 15.
Qd2 Rfe8 16. Re2 Nh4 17. f3 Bxd3 18. Qxd3 Nf5 19. Bf2 Rxe2 20. Nxe2 Re8 21. Rd1
Bg5 22. Re1 Be3 23. Ng3 Bxf2+ 24. Kxf2 Rxe1 25. Kxe1 Nxg3 26. hxg3 h6 27. Kd2
Qd6 28. g4 Qf4+ 29. Kc3 Qd6 30. Qf5 a5 31. Qc8+ Kh7 32. a4 c5 33. Qf5+ Kg8 34.
dxc5 bxc5 35. Kd3 Qe6 36. Qxe6 fxe6 37. c3 Kf7 38. b4 1-0

[Event "?"]
[Site "ICS rated blitz match, 192.23"]
[Date "1997.??.??"]
[Round "?"]
[White "Brause"]
[Black "Kiriakos"]
[Result "1-0"]
[WhiteElo "2485"]
[BlackElo "2080"]
[PlyCount "115"]

1. e4 e5 2. Nf3 Nc6 3. Nc3 Nf6 4. Nxe5 Nxe5 5. d4 Ng6 6. e5 Be7 7. exf6 Bxf6 8.
Be3 O-O 9. Bd3 d5 10. O-O Be6 11. Na4 b6 12. Nc3 c6 13. b3 Qd7 14. Re1 Bf5 15.
Qd2 Rfe8 16. Re2 Nh4 17. f3 Bxd3 18. Qxd3 Nf5 19. Bf2 Rxe2 20. Nxe2 Re8 21. Rd1
Bg5 22. Re1 Be3 23. Ng3 Bxf2+ 24. Kxf2 Rxe1 25. Kxe1 Nxg3 26. hxg3 Qd6 27. Kf2
h6 28. c3 c5 29. f4 cxd4 30. Qxd4 Qc5 31. Ke3 Kf8 32. g4 Ke7 33. Kd3 Qxd4+ 34.
Kxd4 Kd6 35. a4 g5 36. g3 f6 37. Ke3 Kc5 38. Kd3 Kc6 39. Ke2 Kc5 40. Ke3 Kc6
41. Kd3 Kc5 42. b4+ Kc6 43. Kd4 Kd6 44. c4 dxc4 45. Kxc4 a6 46. Kc3 Kd5 47. Kd3
b5 48. a5 Kc6 49. Ke4 Kd6 50. Kf5 Kd5 51. Kxf6 Kc4 52. f5 Kxb4 53. Kg6 Kc3 54.
f6 b4 55. f7 b3 56. f8=Q b2 57. Qf5 Kb3 58. Kxh6 1-0

[Event "?"]
[Site "ICS rated blitz match, 192.23"]
[Date "1997.??.??"]
[Round "?"]
[White "Brause"]
[Black "Kiriakos"]
[Result "0-1"]
[WhiteElo "2490"]
[BlackElo "2075"]
[PlyCount "156"]

1. e4 e5 2. Nf3 Nc6 3. Nc3 Nf6 4. Nxe5 Nxe5 5. d4 Ng6 6. e5 Be7 7. exf6 Bxf6 8.
Be3 O-O 9. Bd3 d5 10. O-O Be6 11. Qf3 c6 12. b3 Qd7 13. Na4 b6 14. Qe2 Bf5 15.
Rae1 Rfe8 16. Qd2 Bxd3 17. Qxd3 Re7 18. Re2 Rae8 19. Rfe1 Nh4 20. f3 Nf5 21. c3
Nxe3 22. Rxe3 Rxe3 23. Rxe3 Rxe3 24. Qxe3 Qe6 25. Kf2 Qxe3+ 26. Kxe3 Kf8 27. c4
Ke7 28. cxd5 cxd5 29. Nc3 Ke6 30. Nb5 a5 31. Kd3 Kd7 32. Na3 Kc6 33. Nc2 Bg5
34. g3 f5 35. Ne3 Bxe3 36. Kxe3 g5 37. Kd3 Kb5 38. h3 f4 39. gxf4 gxf4 40. Kc3
a4 41. a3 axb3 42. Kxb3 Ka5 43. a4 b5 44. axb5 Kxb5 45. Kc3 Ka4 46. h4 h5 47.
Kc2 Kb4 48. Kd2 Kc4 49. Kc2 Kxd4 50. Kd2 Kc4 51. Kc2 d4 52. Kd2 d3 53. Kd1 Kc3
54. Kc1 Kc4 55. Kd1 d2 56. Kxd2 Kd4 57. Ke2 Kc3 58. Kf1 Kd3 59. Kf2 Kd2 60. Kf1
Ke3 61. Ke1 Kxf3 62. Kf1 Kg3 63. Ke2 f3+ 64. Ke3 f2 65. Ke2 Kg2 66. Ke3 f1=Q
67. Kd4 Qe2 68. Kd5 Kf3 69. Kc5 Qd3 70. Kc6 Ke4 71. Kc5 Ke5 72. Kb4 Qc2 73. Kb5
Kd5 74. Kb6 Qc4 75. Kb7 Kd6 76. Kb6 Qb3+ 77. Ka5 Kc6 78. Ka6 Qa3# 0-1

[Event "?"]
[Site "ICS rated blitz match, 192.23"]
[Date "1997.??.??"]
[Round "?"]
[White "Brause"]
[Black "Kiriakos"]
[Result "1-0"]
[WhiteElo "2465"]
[BlackElo "2100"]
[PlyCount "151"]

1. e4 e5 2. Nf3 Nc6 3. Nc3 Nf6 4. Nxe5 Nxe5 5. d4 Ng6 6. e5 Be7 7. exf6 Bxf6 8.
Be3 d5 9. Bd3 O-O 10. O-O Be6 11. Re1 c6 12. b3 Qd7 13. Na4 b6 14. Nc3 Rfe8 15.
Rc1 Bf5 16. Ne2 Nh4 17. Ng3 Bg4 18. Qd2 Nf5 19. Nxf5 Bxf5 20. Rcd1 Bxd3 21.
Qxd3 Re7 22. Rd2 Rae8 23. Rde2 g6 24. c3 Bg7 25. Kf1 h6 26. Bf4 Rxe2 27. Rxe2
Rxe2 28. Qxe2 Qe6 29. Qxe6 fxe6 30. Ke2 b5 31. Kd3 Kf7 32. Bb8 a6 33. Bd6 h5
34. f4 Bh6 35. g3 Kf6 36. h3 Kf5 37. Ke3 g5 38. fxg5 Bxg5+ 39. Kf3 Bd2 40. g4+
hxg4+ 41. hxg4+ Kg6 42. Bb4 Kg5 43. Ba5 Kg6 44. Ke2 Bc1 45. Bd8 Bf4 46. Kd3 Bg5
47. Bc7 Bc1 48. Kc2 Be3 49. Bd8 Bg5 50. Bb6 Bf4 51. g5 Kxg5 52. Kd3 Kf5 53. Bc5
Bc1 54. Bf8 Bg5 55. Bd6 Bf6 56. Bc5 e5 57. dxe5 Bxe5 58. Bb6 Kf4 59. b4 Kf3 60.
Bd8 Bf4 61. Bb6 Be5 62. Bc5 Bg3 63. Be7 Bf2 64. Bf6 Kf4 65. Bd4 Be1 66. Bg1 Ke5
67. Bb6 Ke6 68. Kc2 Kd7 69. Bc5 Kc8 70. Bd4 Kb7 71. Kd3 Bh4 72. Bc5 Bd8 73. Be3
Bb6 74. Bxb6 Kxb6 75. Kd4 Kb7 76. Kc5 1-0

[Event "?"]
[Site "ICS rated blitz match, 192.23"]
[Date "1997.??.??"]
[Round "?"]
[White "Brause"]
[Black "Kiriakos"]
[Result "1-0"]
[WhiteElo "2470"]
[BlackElo "2095"]
[PlyCount "81"]

1. e4 e5 2. Nf3 Nc6 3. Nc3 Nf6 4. Nxe5 Nxe5 5. d4 Ng6 6. e5 Be7 7. exf6 Bxf6 8.
Be3 d5 9. Bd3 O-O 10. O-O Be6 11. Re1 Qd7 12. Qf3 c6 13. Bxg6 hxg6 14. Na4 b6
15. b3 Rfe8 16. Rac1 Bf5 17. Qd1 Be7 18. Qd2 Ba3 19. Rcd1 Re7 20. Bf4 Rae8 21.
Rxe7 Rxe7 22. f3 f6 23. Bg3 g5 24. Nc3 Bb4 25. h3 Qe8 26. Bf2 Bd6 27. Rb1 Bf4
28. Qd1 b5 29. a3 Kh7 30. Rb2 Bg6 31. Kf1 Kh8 32. Ne2 Bd6 33. Ra2 Kh7 34. Bg3
Bxg3 35. Nxg3 Re3 36. Qd2 Re7 37. Ne2 a6 38. Nc1 Re6 39. Nd3 Bxd3+ 40. Qxd3+
Qg6 41. Qc3 1-0

[Event "?"]
[Site "ICS rated blitz match, 192.23"]
[Date "1997.??.??"]
[Round "?"]
[White "Brause"]
[Black "Kiriakos"]
[Result "1-0"]
[WhiteElo "2475"]
[BlackElo "2090"]
[PlyCount "93"]

1. e4 e5 2. Nf3 Nc6 3. Nc3 Nf6 4. Nxe5 Nxe5 5. d4 Ng6 6. e5 Be7 7. exf6 Bxf6 8.
Be3 d5 9. Bd3 O-O 10. O-O Be6 11. Re1 c6 12. b3 Qd7 13. Na4 b6 14. Qd2 Rfe8 15.
Re2 Bf5 16. Rae1 Nh4 17. f3 Bxd3 18. Qxd3 Nf5 19. Bf2 Rxe2 20. Rxe2 g6 21. Qd2
Re8 22. Rxe8+ Qxe8 23. c3 Qe7 24. Kf1 Bg5 25. Qe1 Kf8 26. Qe5 Bf6 27. Qb8+ Kg7
28. h3 Bg5 29. f4 Bh4 30. Qe5+ Qxe5 31. fxe5 Bg5 32. Ke2 Kf8 33. g4 Ng7 34. c4
dxc4 35. bxc4 Ke8 36. h4 Bf4 37. Kf3 Bh2 38. c5 b5 39. Nc3 Kd7 40. Ne2 Ne6 41.
Be3 a5 42. Kg2 Nxc5 43. Kxh2 Ne6 44. Kg3 b4 45. Nf4 Nc7 46. Nd3 Nb5 47. Nc5+
1-0

[Event "?"]
[Site "ICS rated blitz match, 192.23"]
[Date "1997.??.??"]
[Round "?"]
[White "Brause"]
[Black "Kiriakos"]
[Result "1-0"]
[WhiteElo "2485"]
[BlackElo "2080"]
[PlyCount "71"]

1. e4 e5 2. Nf3 Nc6 3. Nc3 Nf6 4. Nxe5 Nxe5 5. d4 Ng6 6. e5 Be7 7. exf6 Bxf6 8.
Be3 O-O 9. Bd3 d5 10. O-O Be6 11. Qf3 c6 12. b3 Qd7 13. Na4 b6 14. Qe2 Rfe8 15.
Rae1 Bf5 16. Qd2 Nh4 17. f3 Bxd3 18. Qxd3 Nf5 19. Bf2 g6 20. Nc3 Rxe1 21. Rxe1
Re8 22. Rxe8+ Qxe8 23. g4 Nd6 24. Be3 Qe7 25. Qd2 a6 26. Na4 b5 27. Nc5 a5 28.
a3 b4 29. axb4 axb4 30. Nd3 Qa7 31. Nxb4 Qa1+ 32. Kg2 Nb5 33. Nxc6 Bh4 34. Qb4
Qe1 35. Qxe1 Bxe1 36. c4 1-0

[Event "?"]
[Site "ICS rated blitz match, 192.23"]
[Date "1997.??.??"]
[Round "?"]
[White "Brause"]
[Black "Kiriakos"]
[Result "1-0"]
[WhiteElo "2490"]
[BlackElo "2075"]
[PlyCount "67"]

1. e4 e5 2. Nf3 Nc6 3. Nc3 Nf6 4. Nxe5 Nxe5 5. d4 Ng6 6. e5 Be7 7. exf6 Bxf6 8.
Be3 d5 9. Bd3 O-O 10. O-O Be6 11. Re1 Qd7 12. Qf3 c6 13. Bxg6 hxg6 14. Na4 b6
15. b3 Bf5 16. Rac1 Be7 17. c4 Ba3 18. cxd5 cxd5 19. Ra1 Rac8 20. Qd1 Rc6 21.
Re2 Rfc8 22. Kh1 Rc2 23. Rxc2 Rxc2 24. Qf3 Be4 25. Qg3 Qc8 26. Kg1 Bb2 27. Nxb2
Rxb2 28. h3 Rc2 29. Bg5 f6 30. Bf4 g5 31. Bd6 Qc3 32. Qxc3 Rxc3 33. f3 Bf5 34.
Re1 1-0

[Event "?"]
[Site "ICS rated blitz match, 192.23"]
[Date "1997.??.??"]
[Round "?"]
[White "Brause"]
[Black "Kiriakos"]
[Result "1-0"]
[WhiteElo "2495"]
[BlackElo "2070"]
[PlyCount "59"]

1. e4 e5 2. Nf3 Nc6 3. Nc3 Nf6 4. Nxe5 Nxe5 5. d4 Ng6 6. e5 Be7 7. Bc4 d5 8.
exf6 dxc4 9. fxe7 Qxe7+ 10. Be3 O-O 11. Qh5 Qh4 12. Qxh4 Nxh4 13. O-O c6 14. d5
cxd5 15. Rad1 Be6 16. Nxd5 Rfd8 17. Nc7 Rxd1 18. Rxd1 Rc8 19. Nxe6 fxe6 20. Rd7
b5 21. Bxa7 Nf5 22. c3 Rc6 23. Bb8 Rc5 24. g4 Nh4 25. Bg3 Ng6 26. Kf1 Rd5 27.
Rxd5 exd5 28. Ke2 Kf7 29. Ke3 Ke6 30. Kd4 1-0

[Event "?"]
[Site "ICS rated blitz match, 192.23"]
[Date "1997.??.??"]
[Round "?"]
[White "Brause"]
[Black "Kiriakos"]
[Result "1-0"]
[WhiteElo "2500"]
[BlackElo "2065"]
[PlyCount "69"]

1. e4 e5 2. Nf3 Nc6 3. Nc3 Nf6 4. Nxe5 Nxe5 5. d4 Ng6 6. e5 Be7 7. Bc4 O-O 8.
exf6 Bxf6 9. Be3 c6 10. O-O d5 11. Bd3 Be6 12. b3 Qd7 13. Re1 Rfe8 14. Bxg6
hxg6 15. Qd2 Be7 16. Re2 Bb4 17. f3 Bf5 18. g4 Be6 19. a3 Bd6 20. Bf4 Qc7 21.
Bxd6 Qxd6 22. Qg5 Bd7 23. Ra2 Rxe2 24. Nxe2 Re8 25. Ng3 b5 26. Ra1 a5 27. Qd2
Ra8 28. Ne2 f6 29. h4 Qc7 30. Nf4 Re8 31. Nxg6 Qg3+ 32. Qg2 Qxg2+ 33. Kxg2 Re2+
34. Kg3 Rxc2 35. Re1 1-0

[Event "?"]
[Site "ICS rated blitz match, 192.23"]
[Date "1997.??.??"]
[Round "?"]
[White "Brause"]
[Black "Kiriakos"]
[Result "1-0"]
[WhiteElo "2505"]
[BlackElo "2060"]
[PlyCount "63"]

1. e4 e5 2. Nf3 Nc6 3. Nc3 Nf6 4. Nxe5 Nxe5 5. d4 Ng6 6. e5 Be7 7. Bc4 O-O 8.
exf6 Bxf6 9. Be3 c6 10. O-O d5 11. Bd3 Be6 12. b3 Qd7 13. Re1 Rfe8 14. Qd2 Bf5
15. Na4 b6 16. Re2 Nh4 17. Bxf5 Nxf5 18. Rae1 Re7 19. Nc3 Rae8 20. Qd3 Nxe3 21.
Rxe3 Bg5 22. Rxe7 Rxe7 23. Rxe7 Qxe7 24. g3 Qe1+ 25. Kg2 Bf6 26. Ne2 g6 27. c4
Qa1 28. Qf3 dxc4 29. Qxf6 c3 30. d5 cxd5 31. Nxc3 Qb2 32. Kf3 1-0

[Event "?"]
[Site "ICS rated blitz match, 192.23"]
[Date "1997.??.??"]
[Round "?"]
[White "Brause"]
[Black "Kiriakos"]
[Result "0-1"]
[WhiteElo "2510"]
[BlackElo "2055"]
[PlyCount "132"]

1. e4 e5 2. Nf3 Nc6 3. Nc3 Nf6 4. Nxe5 Nxe5 5. d4 Ng6 6. e5 Be7 7. Bc4 O-O 8.
exf6 Bxf6 9. Be3 c6 10. O-O d5 11. Bd3 Be6 12. b3 Qd7 13. Re1 Rfe8 14. Bxg6
hxg6 15. Qd2 Be7 16. Re2 f6 17. Rae1 Bb4 18. f3 g5 19. h3 Bf5 20. Bf2 Rxe2 21.
Rxe2 Re8 22. Kf1 Rxe2 23. Kxe2 Qe6+ 24. Be3 Qd6 25. Kf1 Qe6 26. Kf2 Qe8 27. f4
gxf4 28. Bxf4 Qg6 29. Nxd5 Bxd2 30. Ne7+ Kf7 31. Nxg6 Bc3 32. Nh4 Bxd4+ 33. Be3
Bxe3+ 34. Kxe3 Bxc2 35. Nf3 c5 36. g4 b6 37. Nd2 Ke6 38. Ne4 Bxe4 39. Kxe4 g5
40. Kd3 Kd5 41. Ke3 b5 42. Kd3 a5 43. Kd2 Kd4 44. Kc2 c4 45. bxc4 Kxc4 46. Kd2
b4 47. Kc2 a4 48. Kd2 b3 49. a3 Kd4 50. Kc1 Ke4 51. Kd2 Kf3 52. Kd3 Kg3 53. Kc3
Kxh3 54. Kd3 Kxg4 55. Kc3 f5 56. Kd3 f4 57. Kc3 f3 58. Kd2 Kg3 59. Kd3 g4 60.
Kd2 f2 61. Kd3 f1=Q+ 62. Kc3 Qb5 63. Kd4 b2 64. Kc3 b1=Q 65. Kd4 Q1b2+ 66. Ke4
Q2e5# 0-1

[Event "?"]
[Site "ICS rated blitz match, 192.23"]
[Date "1997.??.??"]
[Round "?"]
[White "Brause"]
[Black "SilverShadow"]
[Result "1-0"]
[WhiteElo "2490"]
[BlackElo "2040"]
[PlyCount "59"]

1. e4 e5 2. Nf3 Nf6 3. Nc3 Nc6 4. Nxe5 Nxe5 5. d4 Ng6 6. e5 Bb4 7. exf6 Qxf6 8.
Bc4 O-O 9. O-O Bxc3 10. bxc3 c6 11. Ba3 Re8 12. Re1 Qd8 13. Bd6 b5 14. Rxe8+
Qxe8 15. Qe1 Ba6 16. Qxe8+ Rxe8 17. Bd3 Re6 18. Bb8 d5 19. a4 f6 20. f3 Kf7 21.
Kf2 Re7 22. Ra2 Nf8 23. axb5 Bxb5 24. Rxa7 Rxa7 25. Bxa7 Ne6 26. Ke3 h6 27. Bb8
g5 28. f4 g4 29. Bf5 Ng5 30. fxg5 1-0

[Event "?"]
[Site "ICS rated blitz match, 192.23"]
[Date "1997.??.??"]
[Round "?"]
[White "Brause"]
[Black "Kiriakos"]
[Result "0-1"]
[WhiteElo "2490"]
[BlackElo "2105"]
[PlyCount "360"]

1. e4 e5 2. Nf3 Nc6 3. Nc3 Nf6 4. Nxe5 Nxe5 5. d4 Ng6 6. e5 Be7 7. Bc4 O-O 8.
exf6 Bxf6 9. Be3 c6 10. O-O d5 11. Bd3 Be6 12. b3 Qd7 13. Re1 Rfe8 14. Bxg6
hxg6 15. Qd2 Be7 16. Re2 f6 17. Rae1 Bb4 18. f3 g5 19. h3 Bf5 20. Bf2 Rxe2 21.
Rxe2 Re8 22. Kf1 Rxe2 23. Kxe2 Qe8+ 24. Kd1 Kh7 25. Bg3 Qe6 26. Bb8 a6 27. Bg3
Kh8 28. Bf2 Kh7 29. Kc1 Kh8 30. Qe1 Qxe1+ 31. Bxe1 Bxc3 32. Bxc3 Kg8 33. Kd2
Kf7 34. Bb4 Ke6 35. Bf8 Kf7 36. Bc5 Bh7 37. Bd6 Ke6 38. Bf8 Kf7 39. Bc5 Ke6 40.
Kc3 Bg6 41. Bf8 Kf7 42. Bd6 Ke6 43. Bb4 Bh7 44. a3 Bg6 45. a4 Bh7 46. Bf8 Kf7
47. Bc5 Ke6 48. Bb4 Bg6 49. Bf8 Kf7 50. Bc5 Ke6 51. a5 Bh7 52. Bf8 Kf7 53. Bb4
Ke6 54. Bc5 Bg6 55. b4 Bh7 56. Kb2 Bg8 57. Bf8 g6 58. Kc3 Kf7 59. Bd6 Ke6 60.
Bg3 f5 61. f4 g4 62. hxg4 fxg4 63. Kd3 Kd7 64. Bh4 Be6 65. Kc3 Bf5 66. g3 Ke6
67. Bd8 Kd7 68. Bf6 Kc7 69. Kb3 b5 70. axb6+ Kxb6 71. Bd8+ Kb5 72. Kc3 Be4 73.
Bc7 Bf5 74. Kb3 Be4 75. Be5 a5 76. bxa5 Kxa5 77. Bc7+ Kb5 78. Kc3 Bf5 79. Bd6
Be4 80. Kb3 Bf5 81. Bc5 Be4 82. Kc3 Bf5 83. Be7 Be4 84. Bf6 Bf5 85. Be5 Be4 86.
Kb3 Bf5 87. Bd6 Be4 88. Be7 Bf5 89. Bf8 Be4 90. Ba3 Bf5 91. Kc3 Be4 92. Bd6 Bf5
93. Bb8 Be4 94. Ba7 Bf5 95. Bc5 Be4 96. Bf8 Bf5 97. Bh6 Be4 98. Bg5 Bf5 99. Bf6
Be4 100. Kb3 Bf5 101. Be5 Be4 102. Kc3 Bf5 103. Bg7 Be4 104. Kb3 Bf5 105. Bh6
Be4 106. Bg5 Bf5 107. Bh4 Be4 108. Kc3 Bf5 109. Bg5 Be4 110. Bd8 Bf5 111. Kd2
Be4 112. Bf6 Kc4 113. Bh8 Bf5 114. Bg7 Be4 115. Be5 Bf5 116. Bh8 Be4 117. Bf6
Bf5 118. Be5 Be4 119. c3 Bf5 120. Bd6 Be4 121. Bc7 Bf5 122. Ba5 Be4 123. Bb4
Bf5 124. Be7 Be4 125. Bc5 Bf5 126. Bb4 Be4 127. Bf8 Bf5 128. Bg7 Be4 129. Bf6
Bf5 130. Bd8 Be4 131. Be7 Bf5 132. Bf6 Be4 133. Bg7 Bf5 134. Be5 Be4 135. Bb8
Bf5 136. Ba7 Be4 137. Bb6 Bf5 138. Ke3 Kxc3 139. Bd8 Be4 140. Bf6 Kc4 141. Be7
Bf5 142. Bd6 Be4 143. Bc5 Bf5 144. Bb6 Be4 145. Kd2 Bf5 146. Bc5 Be4 147. Ba7
Bf5 148. Ke3 Be4 149. Kf2 Kd3 150. Bb6 Bf5 151. Bc5 Be4 152. Kf1 Ke3 153. Kg1
Kf3 154. Kh2 Bf5 155. Bb6 Kf2 156. Ba7 Be4 157. Bc5 Bf3 158. Bd6 Be4 159. Ba3
Bf3 160. Be7 Be4 161. Bd6 Bf3 162. Be5 Be4 163. Bc7 Bf3 164. Ba5 Be4 165. Bd2
Bf3 166. Bc1 Be4 167. Bb2 Bf3 168. Bc3 Be4 169. Bb4 Kf3 170. Bf8 Bf5 171. Bg7
Be4 172. Bf6 Bf5 173. Be5 Be4 174. Bc7 Bf5 175. Bd6 Be4 176. Ba3 Bf5 177. Bb2
Ke3 178. Kg2 c5 179. dxc5 d4 180. Bc1+ Ke2 0-1

[Event "?"]
[Site "ICS rated blitz match, 192.23"]
[Date "1997.??.??"]
[Round "?"]
[White "Brause"]
[Black "Kiriakos"]
[Result "1-0"]
[WhiteElo "2480"]
[BlackElo "2095"]
[PlyCount "95"]

1. e4 e5 2. Nf3 Nc6 3. Nc3 Nf6 4. Nxe5 Nxe5 5. d4 Ng6 6. e5 Be7 7. Bc4 O-O 8.
exf6 Bxf6 9. Be3 c6 10. O-O d5 11. Bd3 Be6 12. b3 Qd7 13. Re1 Rfe8 14. Bxg6
hxg6 15. Qd2 Bf5 16. f3 Be7 17. Re2 f6 18. Rd1 Bb4 19. Qe1 g5 20. h3 Re7 21.
Ra1 Rae8 22. a3 Bd6 23. Ra2 Bb8 24. Qd2 Qd6 25. Kf1 Bg6 26. Qe1 Bc7 27. Bd2
Rxe2 28. Nxe2 Qe7 29. Bb4 Bd6 30. Bxd6 Qxd6 31. Qf2 Qh2 32. Ng3 Re7 33. Rb2 Re8
34. a4 Kh7 35. a5 a6 36. Rb1 Re7 37. Re1 Rxe1+ 38. Kxe1 Kh8 39. Kd1 Kh7 40. Kd2
Kh8 41. c4 Kg8 42. Kc3 Kf7 43. Kb4 dxc4 44. Kxc4 Ke7 45. Kc5 Kd7 46. Kb6 Kc8
47. f4 g4 48. Qe3 1-0

[Event "?"]
[Site "ICS rated blitz match, 192.23"]
[Date "1997.??.??"]
[Round "?"]
[White "Brause"]
[Black "Kiriakos"]
[Result "1-0"]
[WhiteElo "2470"]
[BlackElo "2105"]
[PlyCount "121"]

1. e4 e5 2. Nf3 Nc6 3. Nc3 Nf6 4. Nxe5 Nxe5 5. d4 Ng6 6. e5 Be7 7. Bc4 O-O 8.
exf6 Bxf6 9. Be3 c6 10. O-O d5 11. Bd3 Be6 12. b3 Re8 13. Na4 b6 14. Qf3 Qd7
15. Bxg6 hxg6 16. Rfe1 Bf5 17. Rac1 Be7 18. c3 Bd6 19. Bf4 Bxf4 20. Qxf4 Rxe1+
21. Rxe1 Re8 22. Qd2 Rxe1+ 23. Qxe1 f6 24. h4 Qe6 25. Qxe6+ Bxe6 26. f4 Kf7 27.
Kf2 Ke7 28. Ke3 Kd6 29. Nb2 Bf5 30. Nd3 Bxd3 31. Kxd3 c5 32. dxc5+ bxc5 33. Ke3
Ke6 34. Ke2 Kf5 35. Kf3 Ke6 36. g3 Kd6 37. Ke3 Ke6 38. g4 Kd6 39. Ke2 Kc6 40.
Ke3 Kb5 41. Kf3 Kc6 42. Ke2 Kb5 43. Ke3 Kc6 44. a3 Kb5 45. a4+ Kc6 46. Kf3 a5
47. Ke2 Kb6 48. Ke3 Kc6 49. Kf3 Kb6 50. h5 gxh5 51. gxh5 f5 52. Ke2 Kc6 53. Kd3
Kb6 54. Ke3 Kc6 55. Ke2 Kb6 56. Kd3 Kc6 57. Ke3 Kb6 58. Kd2 Kc6 59. Kc1 Kb6 60.
Kb2 Kc6 61. Ka3 1-0

[Event "?"]
[Site "ICS rated blitz match, 192.23"]
[Date "1997.??.??"]
[Round "?"]
[White "Brause"]
[Black "Kiriakos"]
[Result "1-0"]
[WhiteElo "2455"]
[BlackElo "2090"]
[PlyCount "81"]

1. e4 e5 2. Nf3 Nc6 3. Nc3 Nf6 4. Nxe5 Nxe5 5. d4 Ng6 6. e5 Be7 7. Bc4 O-O 8.
exf6 Bxf6 9. Be3 c6 10. O-O d5 11. Bd3 Be6 12. b3 Qd7 13. Re1 Rfe8 14. Qd2 Bf5
15. Na4 b6 16. Re2 Nh4 17. Bxf5 Nxf5 18. Rae1 Re7 19. Nc3 Rae8 20. Qd3 g6 21.
g3 h5 22. Kh1 Re6 23. Qd2 R8e7 24. Kg1 Qe8 25. Kf1 Bg7 26. a3 Kh7 27. Qd3 Kg8
28. h3 Kh7 29. g4 hxg4 30. hxg4 Nxe3+ 31. Rxe3 Rxe3 32. Rxe3 Rxe3 33. fxe3 Qe6
34. Qe2 Bh6 35. e4 dxe4 36. Nxe4 Kg8 37. b4 Bg7 38. c3 Kf8 39. Qf3 Qa2 40. Qf4
Qb1+ 41. Kg2 1-0

[Event "?"]
[Site "ICS rated blitz match, 192.23"]
[Date "1997.??.??"]
[Round "?"]
[White "Brause"]
[Black "Kiriakos"]
[Result "0-1"]
[WhiteElo "2460"]
[BlackElo "2075"]
[PlyCount "168"]

1. e4 e5 2. Nf3 Nc6 3. Nc3 Nf6 4. Nxe5 Nxe5 5. d4 Ng6 6. e5 Be7 7. Bc4 O-O 8.
exf6 Bxf6 9. Be3 c6 10. O-O d5 11. Bd3 Be6 12. b3 Qd7 13. Re1 Rfe8 14. Bxg6
hxg6 15. Na4 b6 16. Nc3 Bf5 17. Qd2 Be7 18. Re2 f6 19. Kh1 g5 20. Kg1 Bb4 21.
Rae1 Re7 22. Rc1 Rae8 23. Kh1 Bg4 24. Ree1 Bf5 25. Rcd1 Bg4 26. Rb1 Bf5 27. Re2
Bg4 28. f3 Bf5 29. Rbe1 Bg6 30. Rc1 Bf5 31. Kg1 Bg6 32. h3 Bf5 33. Rce1 Bg6 34.
Kf1 Bf5 35. Kf2 Bg6 36. a4 Bf5 37. Kg1 Bg6 38. Kh2 Bf5 39. Kh1 Bg6 40. Kg1 Bf5
41. Rc1 Bg6 42. Kh2 Bf5 43. Rce1 Bg6 44. Kg3 Qc8 45. a5 Bxa5 46. Kf2 Bb4 47.
Kg1 Qa6 48. h4 Qa5 49. Qc1 Bxc3 50. Rd1 gxh4 51. Kf2 Qb4 52. Kf1 Qd6 53. Bf4
Qd7 54. Rf2 Re1+ 55. Rxe1 Rxe1+ 56. Qxe1 Bxe1 57. Kxe1 c5 58. Be3 c4 59. bxc4
dxc4 60. Kd1 b5 61. Re2 a5 62. Ke1 b4 63. Kf2 a4 64. Bd2 b3 65. cxb3 cxb3 66.
Bc3 a3 67. Rb2 axb2 68. Bxb2 Qc6 69. Kg1 Qc2 70. Ba3 b2 71. Bxb2 Qxb2 72. d5
Qd4+ 73. Kh2 Qxd5 74. Kg1 Bd3 75. Kh2 g5 76. Kh1 Kf7 77. Kh2 Kg6 78. Kh1 Kf5
79. Kg1 Qd4+ 80. Kh2 Kf4 81. g3+ Kxf3 82. Kh3 Bf5+ 83. Kh2 Qf2+ 84. Kh1 Qg2#
0-1

[Event "?"]
[Site "ICS rated blitz match, 192.23"]
[Date "1997.??.??"]
[Round "?"]
[White "Brause"]
[Black "Kiriakos"]
[Result "1-0"]
[WhiteElo "2430"]
[BlackElo "2105"]
[PlyCount "125"]

1. e4 e5 2. Nf3 Nc6 3. Nc3 Nf6 4. Nxe5 Nxe5 5. d4 Ng6 6. e5 Be7 7. Bc4 O-O 8.
exf6 Bxf6 9. Be3 c6 10. O-O d5 11. Bd3 Be6 12. b3 Qd7 13. Re1 Rfe8 14. Bxg6
hxg6 15. Qd2 Bf5 16. f3 Be7 17. Re2 f6 18. Rf1 Bb4 19. g4 Be6 20. h4 Bf7 21.
Kh1 Re7 22. Rfe1 Rae8 23. Rg2 Qc7 24. a3 Bxa3 25. Qd3 Bb4 26. Rgg1 Qa5 27. Bd2
Rxe1 28. Rxe1 Rxe1+ 29. Bxe1 Qa1 30. Qd2 Bxc3 31. Qxc3 Qxc3 32. Bxc3 Kf8 33.
Bd2 Ke8 34. Kg2 b6 35. Kg3 Be6 36. Kf4 c5 37. Be3 c4 38. bxc4 dxc4 39. Ke4 Kd7
40. d5 Bf7 41. Kd4 b5 42. Kc5 a6 43. Bd4 Bg8 44. Bc3 Bf7 45. f4 Bg8 46. g5 f5
47. Bxg7 Bf7 48. d6 Be6 49. Be5 Bf7 50. c3 Be6 51. Kb6 Bd5 52. Kxa6 Kc6 53. d7
Kxd7 54. Kxb5 Bf7 55. Kc5 Be6 56. Bb8 Bf7 57. Kd4 Kc8 58. Bd6 Kd7 59. Ke5 Be8
60. Bf8 Bf7 61. Kf6 Be8 62. h5 Kd8 63. h6 1-0

[Event "?"]
[Site "ICS rated blitz match, 192.23"]
[Date "1997.??.??"]
[Round "?"]
[White "Brause"]
[Black "oldtimer"]
[Result "1-0"]
[WhiteElo "2420"]
[BlackElo "2460"]
[PlyCount "104"]

1. e4 e5 2. Nf3 Nc6 3. Nc3 Nf6 4. Nxe5 Nxe5 5. d4 Ng6 6. e5 Ng8 7. Bc4 d5 8.
Bxd5 c6 9. Be4 f5 10. Bf3 Bb4 11. O-O Be6 12. a3 Bxc3 13. bxc3 N8e7 14. Bg5 h6
15. Be3 O-O 16. Rb1 b5 17. Qc1 Kh7 18. g3 Bc4 19. Rd1 Nd5 20. Bd2 Nge7 21. Bg2
Nb6 22. Re1 Bd5 23. Bf1 Qe8 24. Be2 Bc4 25. Bd3 Qh5 26. Qd1 Qxd1 27. Rbxd1 g6
28. Ra1 Be6 29. Rac1 a6 30. Be2 Bc4 31. Bd3 Rae8 32. Re3 Ned5 33. Rf3 Nc7 34.
Rf4 Kg7 35. Rh4 g5 36. Rh3 Be6 37. f4 g4 38. Rh5 Rf7 39. h3 gxh3 40. Rxh3 Ncd5
41. Rh5 Ne7 42. Kf2 Rh8 43. Be2 Kf8 44. Rch1 Rfh7 45. Bd3 Bf7 46. Bxf5 Nxf5 47.
Rxf5 Ke7 48. Rf6 Nc4 49. Bc1 Bd5 50. Rh5 Bf7 51. Rh4 Bd5 52. f5 Be4 1-0

[Event "?"]
[Site "ICS rated blitz match, 192.23"]
[Date "1997.??.??"]
[Round "?"]
[White "Brause"]
[Black "oldtimer"]
[Result "0-1"]
[WhiteElo "2440"]
[BlackElo "2445"]
[PlyCount "182"]

1. e4 e5 2. Nf3 Nc6 3. Nc3 Nf6 4. Nxe5 Nxe5 5. d4 Ng6 6. e5 Ng8 7. Bc4 d5 8.
Bxd5 c6 9. Be4 f5 10. Bf3 Bb4 11. O-O Be6 12. a3 Bxc3 13. bxc3 N8e7 14. Bg5 h6
15. Be3 O-O 16. Qd3 b5 17. Rfe1 Bc4 18. Qd1 Nd5 19. Bd2 Nge7 20. Be2 Bxe2 21.
Qxe2 Nb6 22. Qd3 Qe8 23. Qg3 Qg6 24. Qxg6 Nxg6 25. g3 Ne7 26. Re2 Ned5 27. Rb1
a6 28. Rb3 Rfe8 29. Kf1 Kf7 30. h4 Ke6 31. Ke1 Rac8 32. Be3 Nc4 33. Bd2 Ndb6
34. Kf1 Nxd2+ 35. Rxd2 Red8 36. Rd3 h5 37. f4 Rd5 38. Kf2 c5 39. Rb2 Na4 40.
Ra2 Rcd8 41. Kf3 cxd4 42. cxd4 Rxd4 43. Ke3 R4d5 44. Rxd5 Rxd5 45. Ra1 Nb6 46.
Ke2 Nc4 47. Kf3 Rd2 48. Ra2 a5 49. Ra1 Rxc2 50. Rd1 Rd2 51. Rb1 Nxa3 52. Rc1
Nc4 53. Rc3 a4 54. g4 hxg4+ 55. Kg3 Rd4 56. Rc1 a3 57. Rb1 a2 58. Ra1 Rd2 59.
h5 b4 60. Kh4 b3 61. h6 gxh6 62. Kh5 b2 63. Rxa2 b1=Q 64. Ra6+ Nb6 65. Ra7 Qb5
66. Rg7 Qe8+ 67. Rg6+ Kd5 68. Kxh6 Nc4 69. Kg5 Ke4 70. Ra6 Rh2 71. Rh6 Rxh6 72.
Kxh6 Qg8 73. Kh5 Qg7 74. Kh4 Kxf4 75. e6 Ke3 76. Kg3 Qg5 77. Kg2 f4 78. e7 Qxe7
79. Kf1 Kd2 80. Kg1 Ke2 81. Kg2 Qe5 82. Kg1 Kf3 83. Kh1 Qe1+ 84. Kh2 Qh1+ 85.
Kxh1 Kg3 86. Kg1 Nd2 87. Kh1 Kh3 88. Kg1 g3 89. Kh1 f3 90. Kg1 f2+ 91. Kh1 g2#
0-1